000 00674 a2200205 4500
010 _aENG-88420
020 _a8120332928
_c525.00
035 _aEN-71953
037 _bDBAD / PUB
082 1 4 _a658.8
090 _c8488
_d8488
100 1 _aKotler, Philip
245 1 _aPrinciples of marketing/
_cby Philip kotler [and] Gary Armstrong
260 _aNew Delhi
_bPrentice -Hall of India
_c2007
300 _a various pagings
_c28cm (Pbk.)
500 _aincludes glossary, bibliographical refrences and index
700 1 _aArmstrong, Gary
942 _adpl
_cEN
_k658.8 / KOT
999 _c8334
_d8334